000 00918nam a22002777a 4500
001 BR5500011
003 BR-BrBNA
005 20230928095504.0
007 ta
008 230509b bl.||||| |||| 00| 0 por d
040 _aBR-BrBNA
_bpor
_cBiblioteca Nacional de Agricultura
041 _a(Por)
072 _aL01; E16
_b5212
_b514
090 _ 5212 BR5500011
110 1 _aMinisterio da Agricultura, Rio de Janeiro, GB (Brasil). Servico de Estatistica da Producao
_96970
245 1 _aGado abatido nos matadouros municipais e estabelecimentos industriais particulares. Totais do pais 1940/1954. Segundo as unidades da federacao 1952/1954
260 3 _aRio de Janeiro, GB (Brasil):
_c1955.
300 _a19 p.
500 _aNumerical data
650 _aGado de Corte
650 _aAbate
650 _aAbatedouro
650 _aEstatistica de Producao
909 _a202309
_bLucia
_c55
_dLucia Elande
942 _cBK
999 _c56866
_d56866